000 01292naa a2200325 c 4500
001 49552
999 _c49552
_d49552
003 ES-MaCES
005 20170615111748.0
008 170615s2017 uk ||||| t||||||| ||eng d
040 _aES-MaCES
_bspa
_cES-MaCES
_dES-MaCES
100 1 _911561
_aFacchini, François
245 1 0 _aLabour costs and the size of government
_cFrançois Facchini, Mickael Melki, Andrew Pickering
500 _aResumen
504 _aBibliografía: p. 273-275
650 4 _927210
_agobierno
650 4 _929508
_aorganismo gubernamental
650 4 _929802
_adesarrollo institucional
650 4 _927196
_aorganización institucional
650 4 _928283
_acoste de la mano de obra
650 4 _929463
_atasa de actividad de mano de obra
650 4 _929055
_apaís de la OCDE
650 4 _927074
_amodelo económico
650 4 _928889
_aanálisis estadístico
653 1 0 _aEconomía
700 1 _938283
_aMelki, Mickael
700 1 _938284
_aPickering, Andrew
773 0 _985956
_dOxford (Cowley Road, 108, OX4 1JF) Cambridge (Main Street,238, Suite 501, MA 02142) Blackwell
_o088854
_tOxford bulletin of Economics and Statistics
_w(ES-MaCES)25201
_gvol. 79, no 2 (Apr. 2017) {10185 R. 088854} ;p. 251-275
902 _aART Artículo de revista
942 _2CES
_cAR
_h0.0.